000 00674nam a2200241 i 4500
001 18336
003 DO-SdUEMH
005 20260114145541.0
007 ta
008 260114s1982 dr |||g |||| 00| 0 spa d
040 _aDO-SdUEMH
_bspa
_erda
041 _aspa
082 1 4 _mRD
_bA485
100 1 _eaut
245 _aConstitución Política y Reformas Constitucionales 1947-1966 /
_cRaymundo Amaro García
264 1 _aSanto Domingo, República Dominicana :
_c1982
264 4 _c©1982
300 _ax, 652 páginas :
_c21 cm.
336 _2rdacontent
_atexto
_btxt
337 _2rdamedia
_asin mediación
_bn
338 _2rdacarrier
_avolumen
_bnc
942 _2ddc
_cBK
_n0
999 _c18336
_d18336